Times de Futebol Brasileiros que começam com "CA" - Statistics

Estatísticas Gerais
  • Esse quiz foi jogado 32 vezes
    26 desde o último reset
  • A pontuação média é 7 de 37
Estatísticas das Respostas
Hint Resposta % Correto
RS Caxias
67%
PB Campinense
54%
BA Camaçari
38%
SP Capivariano
38%
PR Cascavel
38%
RJ Cabofriense
33%
MG Caldense
33%
SC Camboriú
29%
DF Capital
25%
TO Capital
25%
SP Catanduvense
25%
CE Caucaia
25%
PA Castanhal
21%
PA Cametá
17%
MS Campo Grande
17%
RJ Campo Grande
17%
RJ Campos
17%
SE Canindé
17%
CE Cariri
17%
PE Caruaru City
13%
SP Catanduva
13%
PI Caiçara
8%
PR Cambé
8%
PA Capitão Poço
8%
PA Carajás
8%
RJ Cardoso Moreira
8%
SC Carlos Renaux
8%
MT Cacerense
4%
PA Caeté
4%
MT Campo Novo
4%
PA Canaã
4%
AP Canário
4%
DF Candango
4%
ES Capixaba
4%
RJ Carapebus
4%
SC Caravaggio
4%
SE Carmópolis
4%
Nenhum quiz correspondente encontrado
Distribuição das Pontuações
Porcentagem de Pessoas com Cada Pontuação
Percentil de Números Respondidos
Sua Pontuação Histórica
Você não jogou esse quiz desde o último reset